Desserts: cakes - Statistics

General Stats
  • This quiz has been taken 133 times
  • The average score is 2 of 5
Answer Stats
Picture Answer % Correct
Cheesecake
91%
Carrot cake
74%
Ice cream cake
39%
Sponge cake
30%
Crumb Cake
16%
No matching quizzes found
Score Distribution
Percent of People with Each Score
Percentile by Number Answered
Your Score History
You have not taken this quiz